Central Library OPAC University of Rajshahi

History Of Modern World : (Record no. 71244)

MARC details
000 -LEADER
fixed length control field 00646nam a2200217 a 4500
001 - CONTROL NUMBER
control field 71244
003 - CONTROL NUMBER IDENTIFIER
rucl marc code BD-RjUL
005 - DATE AND TIME OF LATEST TRANSACTION
control field 20211209082107.0
008 - FIXED-LENGTH DATA ELEMENTS--GENERAL INFORMATION
fixed length control field 170430s1992 e a|||| |||| 001 0 eng d
035 ## - SYSTEM CONTROL NUMBER
System control number (BD-RjUL)71459
040 ## - CATALOGING SOURCE
Original cataloging agency BD-RjUL
Language of cataloging eng
Transcribing agency BD-RjUL
Modifying agency BD-RjUL
041 ## - LANGUAGE CODE
Language code of text/sound track or separate title eng
082 ## - DEWEY DECIMAL CLASSIFICATION NUMBER
Edition number 23
Classification number 909.82
Author mark and year CHH 1992
100 ## - MAIN ENTRY--PERSONAL NAME
Personal name Chhabra, H.K.
9 (RLIN) 210790
245 ## - TITLE STATEMENT
Title History Of Modern World :
Remainder of title Sinc 1914 A.D. The Study Of International Relations /
Statement of responsibility, etc. H.K.Chhabra
260 ## - PUBLICATION, DISTRIBUTION, ETC. (IMPRINT)
Place of publication, distribution, etc. India :
Name of publisher, distributor, etc. Surjeet Pub. ;
Date of publication, distribution, etc. 1992.
300 ## - PHYSICAL DESCRIPTION
Pagination xii, 396 p. :
Illustrations ill. ;
Size 20 cm.
500 ## - GENERAL NOTE
General note Includes Index.
650 ## - SUBJECT ADDED ENTRY--TOPICAL TERM
Topical term or geographic name as entry element World history
9 (RLIN) 210791
942 ## - ADDED ENTRY ELEMENTS (KOHA)
Source of classification or shelving scheme Dewey Decimal Classification
Koha item type Books
Holdings
Lost status Source of classification or shelving scheme Damaged status Not for loan Collection code Permanent Location Current Location Shelving location Date acquired Source of acquisition Cost, normal purchase price Total Checkouts Full call number Date last seen Copy number Koha item type
  Dewey Decimal Classification   Not For Loan Non-fiction Central Library, University of Rajshahi Central Library, University of Rajshahi Reading Room 24/06/1996 Ideal Lib., Dacca 253.00   909.82 CHH 1992 30/04/2017 C-1 Books